Nineteen Eighty Four / (Record no. 591695)
[ view plain ]
| 000 -LEADER | |
|---|---|
| fixed length control field | 00235nam a22000977a 4500 |
| 082 ## - DEWEY DECIMAL CLASSIFICATION NUMBER | |
| Classification number | 823.912 |
| Author Mark | ORW |
| 100 ## - MAIN ENTRY--PERSONAL NAME | |
| Personal name | Orwell, George |
| 245 ## - TITLE STATEMENT | |
| Title | Nineteen Eighty Four / |
| Statement of responsibility, etc. | George Orwell |
| 300 ## - PHYSICAL DESCRIPTION | |
| Extent | 274 p. ; |
| Dimensions | 23 cm. |
| 942 ## - ADDED ENTRY ELEMENTS (KOHA) | |
| Source of classification or shelving scheme | |
| Koha item type | Book |
| Withdrawn status | Lost status | Source of classification or shelving scheme | Damaged status | Not for loan | Permanent Location | Current Location | Shelving location | Date acquired | Source of acquisition | Total Checkouts | Full call number | Barcode | Checked out | Date last seen | Date last checked out | Price effective from | Koha item type |
|---|---|---|---|---|---|---|---|---|---|---|---|---|---|---|---|---|---|
| Central Library (CL) | Central Library (CL) | Chinese Studies | 10/11/2022 | Donated by China Embassy | 2 | 823.912 ORW | CL-D-2018 | 11/05/2023 | 10/06/2023 | 10/06/2023 | 10/11/2022 | Book |
